000 00391nam a2200133Ia 4500
008 211118s9999||||xx |||||||||||||| ||und||
082 _a430
_bGUN-Q
100 _aGundert, Herman
245 0 _aQuellen Zu Seinem Leben Und Werk
260 _bSuddeutsche Verlagsgesellschaft Ulm
_aUlm
_c1991
630 _xPGR-HERMAN GUNDART COLLECTION
650 _aGerman Language
_vMalayalam
942 _cBOOK
999 _c100095
_d100095